Catálogo
 En Linea

El stock de capital en España y su distribución territorial (1964-2002) / (Registro nro. 24360)

Detalles MARC
000 -CABECERA
campo de control de longitud fija 01145nam a2200289 a 4500
001 - NÚMERO DE CONTROL
campo de control 000024867
005 - FECHA Y HORA DE LA ÚLTIMA TRANSACCIÓN
campo de control 20200930023422.0
008 - DATOS DE LONGITUD FIJA--INFORMACIÓN GENERAL
campo de control de longitud fija 110207s2005 sp bd r 001 0 spa d
020 ## - NÚMERO INTERNACIONAL ESTÁNDAR DEL LIBRO
Número Internacional Estándar del Libro 8495163934
040 ## - FUENTE DE LA CATALOGACIÓN
Centro catalogador/agencia de origen DO-SdBNP
Lengua de catalogación spa
Centro/agencia transcriptor BNPHU
082 ## - NÚMERO DE LA CLASIFICACIÓN DECIMAL DEWEY
Número de clasificación xxxx
Número de documento/Ítem S864c
049 ## - FONDOS LOCALES (OCLC)
Fondos de biblioteca BNGR
245 03 - MENCIÓN DE TÍTULO
Título El stock de capital en España y su distribución territorial (1964-2002) /
Mención de responsabilidad, etc. dirección Matilde Mas Ivars , Francisco Pérez García , Ezequiel Uriel Jiménez.
260 ## - PUBLICACIÓN, DISTRIBUCIÓN, ETC.
Lugar de publicación, distribución, etc. Bilbao :
Nombre del editor, distribuidor, etc. Fundación BBVA,
Fecha de publicación, distribución, etc. 2005.
300 ## - DESCRIPCIÓN FÍSICA
Extensión 251 p. :
Otras características físicas mapas., diagrs. ;
Dimensiones 23.4 cm.
500 ## - NOTA GENERAL
Nota general Incluye referencias biográficas de los directores en la solapa de la contraportada.
500 ## - NOTA GENERAL
Nota general Incluye referencia bibliográfica p. [235-238].
500 ## - NOTA GENERAL
Nota general Incluye índice de cuadros.
500 ## - NOTA GENERAL
Nota general Incluye índice de gráficos.
500 ## - NOTA GENERAL
Nota general Incluye índice de mapas.
500 ## - NOTA GENERAL
Nota general Incluye índice alfabético.
530 ## - NOTA DE FORMATO FÍSICO ADICIONAL DISPONIBLE
Nota de formato físico adicional disponible CD.
Fuente para la adquisición/disponibilidad CD-ROM
504 ## - NOTA DE BIBLIOGRAFÍA, ETC.
Nota de bibliografía, etc. Incluye referencias bibliográficas y notas al pie de las páginas.
700 1# - PUNTO DE ACCESO ADICIONAL--NOMBRE DE PERSONA
Nombre de persona Mas Ivars, Matilde
9 (RLIN) 11381
700 1# - PUNTO DE ACCESO ADICIONAL--NOMBRE DE PERSONA
Nombre de persona Pérez García, Francisco
9 (RLIN) 51037
700 1# - PUNTO DE ACCESO ADICIONAL--NOMBRE DE PERSONA
Nombre de persona Uriel Jiménez, Ezequiel
9 (RLIN) 47247
Existencias
Estado de retiro Estado de pérdida Restricciones de uso No para préstamo Código de colección Localización permanente Ubicación/localización actual Ubicación en estantería Fecha de adquisición Número de inventario Total de préstamos Signatura topográfica completa Código de barras Fecha visto por última vez Precio válido a partir de Tipo de ítem Koha
        Monografías: Libros y Folletos General General En catalogación 07.02.2011 LF1   xxxx S864c 24867-10 25.06.2020 25.06.2020 Préstamo en sala

Con tecnología Koha